MARC
|
|
|
|
| LEADER |
00000nam0a2200000 4500 |
| 001 |
162594 |
| 005 |
20231031160423.0 |
| 010 |
|
|
|a 5852551473
|
| 020 |
|
|
|a RU
|b 92-25268
|
| 035 |
|
|
|a (RuTPU)RU\TPU\book\176348
|
| 090 |
|
|
|a 162594
|
| 100 |
|
|
|a 20090624d1992 m y0rusy5003 ca
|
| 101 |
1 |
|
|a rus
|c ita
|
| 102 |
|
|
|a RU
|
| 105 |
|
|
|a y z 000ay
|
| 200 |
1 |
|
|a На Дальнем Западе; Охотница за скальпами; Смертельные враги; Талисман
|e романы
|e пер. с англ.
|f Э. Сальгари
|
| 210 |
|
|
|a Москва
|c Терра
|d 1992
|
| 215 |
|
|
|a 541,[1] с.
|d 22 см
|
| 610 |
1 |
|
|a Приключенческие романы
|
| 675 |
|
|
|a 85
|z rus
|
| 700 |
|
1 |
|a Сальгари
|b Э.
|g Эмилио
|4 070
|
| 801 |
|
0 |
|a RU
|b RuMRKP
|c 19950417
|g psbo
|
| 801 |
|
1 |
|a RU
|b 63413507
|c 20090624
|g PSBO
|
| 801 |
|
2 |
|a RU
|b 63413507
|c 20090624
|g PSBO
|
| 942 |
|
|
|c BK
|